00365nam a2200145Ia 4500003000400000005001700004008004000021040000700061041001200068082001700080100003100097245004700128260003700175300000700212OSt20240213153815.0210210b1989 xxu||||| |||| 00| 0 eng d cAL aKonkani a891.464 NAYS aNAYAK (Hema Pundalik), Ed. aSahjivan: sangharsh, samanvay ani pratima. aGony.bApurbay Prakashan.,c1989 a79